000 00801ntaaa2200229 4500
003 01
005 20251027203345.0
008 0714s1973 ag 01
020 _a9789870548911
040 _aAR-BaBN
_bspa
_cAR-BaBN
_eaacr
_dRIC
082 _a305.23 H76
100 _aAgostinelli de Hooft, María José
_937521
245 _aTribus urbanas :
_buna guía para entender las subculturas juveniles de la actualidad /
_cMaría José Agostinelli de Hooft, corrector de Laura Bermúdez
260 _aBuenos Aires :
_bVisión Producciones,
_cc2008
300 _a303 p. ;
_c20 cm.
500 _aDonación de Tomás J. M. Mackey, 2021
500 _aBibliografía: p. 301-303
650 _aCULTURA JUVENIL
_937001
650 _aJOVENES
_91664
700 _aBermúdez, Laura
_ecorrector
_937522
942 _cBK
999 _c29090
_d29090